logo

Bir Sreshtho Munshi Abdur Rouf Library
Jhenaidah Cadet College

You and your health / (Record no. 9711)

MARC details
000 -LEADER
fixed length control field 00771pam a2200301 i 4500
001 - CONTROL NUMBER
JCCL Control Number 9711
003 - CONTROL NUMBER IDENTIFIER
JCCL marc code BD-JhCC
005 - DATE AND TIME OF LATEST TRANSACTION
control field 20180322174254.0
008 - FIXED-LENGTH DATA ELEMENTS--GENERAL INFORMATION
fixed length control field 180322s1980 nyua b 001 0 eng
020 ## - INTERNATIONAL STANDARD BOOK NUMBER
International Standard Book Number 0471049360
035 ## - SYSTEM CONTROL NUMBER
system control number (BD-JhCC)9711
040 ## - CATALOGING SOURCE
Original cataloging agency DLC
Transcribing agency DLC
Modifying agency DLC
-- BD-JhCC
041 ## - LANGUAGE CODE
Language code of Book eng
050 00 - LIBRARY OF CONGRESS CALL NUMBER
Classification number RA776
Item number .F24 1980
060 ## - NATIONAL LIBRARY OF MEDICINE CALL NUMBER
Classification number QT180.3 F249y
082 00 - DEWEY DECIMAL CLASSIFICATION NUMBER
Classification number 613
Author mark and Year FAS 1980
100 1# - MAIN ENTRY--PERSONAL NAME
Personal name Fassbender, William V.
245 10 - TITLE STATEMENT
Title You and your health /
Statement of responsibility, etc William Fassbender.
250 ## - EDITION STATEMENT
Edition statement 2d ed.
260 ## - PUBLICATION, DISTRIBUTION, ETC. (IMPRINT)
Place of publication, distribution, etc New York :
Name of publisher, distributor, etc Wiley,
Date of publication, distribution, etc c1980.
300 ## - PHYSICAL DESCRIPTION
Pagination xvi, 475 p. :
Other physical details ill. ;
Dimensions 24 cm.
504 ## - BIBLIOGRAPHY, ETC. NOTE
Bibliography, etc Includes bibliographies and index.
650 #0 - SUBJECT ADDED ENTRY--TOPICAL TERM
Topical term or geographic name as entry element Health.
650 #2 - SUBJECT ADDED ENTRY--TOPICAL TERM
Topical term or geographic name as entry element Health education.
650 #2 - SUBJECT ADDED ENTRY--TOPICAL TERM
Topical term or geographic name as entry element Hygiene.
942 ## - ADDED ENTRY ELEMENTS (KOHA)
Source of classification or shelving scheme Dewey Decimal Classification
Koha item type Books
Holdings
Source of classification or shelving scheme Damaged status Not for loan Home library Current library Shelving location Total Checkouts Full call number Barcode Date last seen Copy number Koha item type
Dewey Decimal Classification     JCC Rouf Library JCC Rouf Library General Stacks   613 FAS 1980 12974 03/22/2018 C - 1 Books

JCC Library | Contacts | JCC Home

Last Update on 23 September 2017
Copyright @ 2017-2020 JCC Rouf Library
Rouf Library, Jhenidah Cadet College (JCC), Bangladesh